书目信息 |
| 题名: |
新农村房屋建造技术
|
|
| 作者: | 骆中钊 , 卢昆山 , 黄方楷 编著 | |
| 分册: | ||
| 出版信息: | 北京 金盾出版社 2017.05 |
|
| 页数: | 257页 | |
| 开本: | 23cm | |
| 丛书名: | 美丽乡村住宅建设丛书 | |
| 单 册: | ||
| 中图分类: | TU241.4 | |
| 科图分类: | ||
| 主题词: | 农村住宅--建筑设计 | |
| 电子资源: | ||
| ISBN: | 978-7-5186-1087-7 | |
| 000 | 01213oam2 2200289 450 | |
| 001 | 32 | |
| 005 | 20180920163845.66 | |
| 010 | @a978-7-5186-1087-7@dCNY52.00 | |
| 100 | @a20170905d2017 em y0chiy50 ea | |
| 101 | 0 | @achi |
| 102 | @aCN@b110000 | |
| 105 | @aa z 000yy | |
| 200 | 1 | @a新农村房屋建造技术@9xin nong cun fang wu jian zao ji shu@f骆中钊,卢昆山,黄方楷编著 |
| 210 | @a北京@c金盾出版社@d2017.05 | |
| 215 | @a257页@c图@d23cm | |
| 225 | 1 | @a美丽乡村住宅建设丛书@f骆中钊主编 |
| 307 | @a实际页数为:258 | |
| 314 | @a骆中钊 (1939-),男,福建惠安人,1963年毕业于同济大学建筑学专业。现为乡魂建筑研究学社创始人、首席专家等职。主要著作有《中华建筑文化》、《风水学与现代家居》等。 | |
| 330 | @a本书是《美丽乡村住宅建设丛书》中的一册。该书深入浅出地把建筑工程施工技术中*基本的土方工程、砌体工程、混凝土和钢筋凝土工程、楼面工程、脚手架及运输设施、建筑装修及门窗工程等分章进行了全面系统的介绍。 | |
| 461 | 0 | @12001 @a美丽乡村住宅建设丛书 |
| 606 | 0 | @a农村住宅@x建筑设计 |
| 690 | @aTU241.4@v5 | |
| 701 | 0 | @a骆中钊@9luo zhong zhao@f(1939-)@4编著 |
| 701 | 0 | @a卢昆山@9lu kun shan@4编著 |
| 701 | 0 | @a黄方楷@9huang fang kai@4编著 |
| 801 | 0 | @aCN@b91MARC@c20170905 |
| 905 | @aMuseLib@dTU241.4@e1416 | |
| 新农村房屋建造技术/骆中钊,卢昆山,黄方楷编著.-北京:金盾出版社,2017.05 |
| 257页:图;23cm.-(美丽乡村住宅建设丛书/骆中钊主编) |
| ISBN 978-7-5186-1087-7:CNY52.00 |
| 本书是《美丽乡村住宅建设丛书》中的一册。该书深入浅出地把建筑工程施工技术中*基本的土方工程、砌体工程、混凝土和钢筋凝土工程、楼面工程、脚手架及运输设施、建筑装修及门窗工程等分章进行了全面系统的介绍。 |
| ● |
| 相关链接 |
|
|
|
|
正题名:新农村房屋建造技术
索取号:TU241.4/1416
 
预约/预借
| 序号 | 登录号 | 条形码 | 馆藏地/架位号 | 状态 | 备注 |
| 1 | 1117899 | 211178991 | 第二样本阅览室/ [索取号:TU241.4/1416] | 在馆 | |
| 2 | 1117900 | 211179008 | 第三借阅区/ [索取号:TU241.4/1416] | 在馆 | |
| 3 | 1117901 | 211179017 | 第三借阅区/ [索取号:TU241.4/1416] | 在馆 | |
| 4 | 1117902 | 211179026 | 第三借阅区/ [索取号:TU241.4/1416] | 在馆 | |
| 5 | 1117903 | 211179035 | 第三借阅区/ [索取号:TU241.4/1416] | 在馆 |